<?xml version="1.0" encoding="UTF-8"?>
<record
    xmlns:xsi="http://www.w3.org/2001/XMLSchema-instance"
    xsi:schemaLocation="http://www.loc.gov/MARC21/slim http://www.loc.gov/standards/marcxml/schema/MARC21slim.xsd"
    xmlns="http://www.loc.gov/MARC21/slim">

  <leader>00444nam a2200145Ia 4500</leader>
  <controlfield tag="008">100204s9999    xx            000 0 und d</controlfield>
  <datafield tag="082" ind1=" " ind2=" ">
    <subfield code="b">7123</subfield>
  </datafield>
  <datafield tag="100" ind1=" " ind2=" ">
    <subfield code="a">&#x938;&#x93F;&#x928;&#x915;&#x930;    &#x936;&#x94D;&#x930;&#x940;&#x915;&#x93E;&#x902;&#x924;</subfield>
  </datafield>
  <datafield tag="245" ind1=" " ind2=" ">
    <subfield code="a">&#x939;&#x947; &#x905;&#x938;&#x902; &#x915;&#x938;&#x902;</subfield>
  </datafield>
  <datafield tag="260" ind1=" " ind2=" ">
    <subfield code="b">"&#x926;&#x93F;&#x932;&#x93F;&#x92A;   &#x92A;&#x94D;&#x930;&#x915;&#x93E;&#x936;&#x928; ,  &#x92E;&#x941;&#x902;&#x92C;&#x908;"</subfield>
    <subfield code="c">1985</subfield>
  </datafield>
  <datafield tag="300" ind1=" " ind2=" ">
    <subfield code="a">106</subfield>
  </datafield>
  <datafield tag="630" ind1=" " ind2=" ">
    <subfield code="a">&#x939;&#x947; &#x905;&#x938;&#x902; &#x915;&#x938;&#x902;</subfield>
  </datafield>
  <datafield tag="730" ind1=" " ind2=" ">
    <subfield code="a">&#x939;&#x947; &#x905;&#x938;&#x902; &#x915;&#x938;&#x902;</subfield>
  </datafield>
  <datafield tag="942" ind1=" " ind2=" ">
    <subfield code="c">BOOK</subfield>
  </datafield>
  <datafield tag="999" ind1=" " ind2=" ">
    <subfield code="c">451560</subfield>
    <subfield code="d">451557</subfield>
  </datafield>
  <datafield tag="952" ind1=" " ind2=" ">
    <subfield code="0">0</subfield>
    <subfield code="1">0</subfield>
    <subfield code="4">0</subfield>
    <subfield code="7">0</subfield>
    <subfield code="a">NCKMULUND</subfield>
    <subfield code="b">NCKMULUND</subfield>
    <subfield code="d">2010-02-04</subfield>
    <subfield code="g">30.00</subfield>
    <subfield code="l">0</subfield>
    <subfield code="o">7123</subfield>
    <subfield code="p">NCKMULUND-7123</subfield>
    <subfield code="r">2010-02-04 00:00:00</subfield>
    <subfield code="v">30.00</subfield>
    <subfield code="w">2010-02-04</subfield>
    <subfield code="y">BOOK</subfield>
    <subfield code="z">6)&#x907;&#x924;&#x930;</subfield>
  </datafield>
</record>
